[Event "Ivy League Challenge 2nd"]
[Site "Toronto"]
[Date "2019.11.09"]
[Round "3.3"]
[White "Patel, Advait"]
[Black "Tang, Andrew"]
[Result "1/2-1/2"]
[WhiteElo "2460"]
[BlackElo "2506"]
[PlyCount "37"]
[EventDate "2019.11.08"]
[EventType "team-tourn"]
[EventRounds "5"]
[EventCountry "CAN"]
[SourceTitle "CBM 193 Extra"]
[Source "ChessBase"]
[SourceDate "2020.01.31"]
[SourceVersion "1"]
[SourceVersionDate "2020.01.31"]
[SourceQuality "1"]
[WhiteTeam "Toronto Univ"]
[BlackTeam "Princeton University"]
[WhiteTeamCountry "CAN"]
[BlackTeamCountry "USA"]

1. e4 e5 2. Nf3 Nc6 3. Bb5 g6 4. d4 exd4 5. Bg5 Be7 6. Bxe7 Qxe7 7. Bxc6 dxc6 8. Qxd4 Nf6 9. Nc3 Bg4 10. Nd2 c5 11. Qe3 0-0-0 12. f3 Be6 13. 0-0-0 b6 14. Rhe1 Kb8 15. Nf1 Bc8 16. Rxd8 Rxd8 17. Qg5 Qe6 18. Ne3 Rd7 19. Rd1 1/2-1/2

[Event "North American-ch U20"]
[Site "Charlotte"]
[Date "2019.06.29"]
[Round "7"]
[White "Patel, Advait"]
[Black "Furfine, Jacob"]
[Result "1-0"]
[WhiteElo "2462"]
[BlackElo "2269"]
[PlyCount "77"]
[EventDate "2019.06.26"]
[EventType "swiss"]
[EventRounds "9"]
[EventCountry "USA"]
[SourceTitle "CBM 191 Extra"]
[Source "ChessBase"]
[SourceDate "2019.09.30"]
[SourceVersion "1"]
[SourceVersionDate "2019.09.30"]
[SourceQuality "1"]

1. e4 c5 2. Nf3 Nc6 3. Bb5 e6 4. Bxc6 bxc6 5. d3 Ne7 6. Qe2 d6 7. e5 Nf5 8. Nbd2 d5 9. b3 Be7 10. Bb2 h5 11. h4 Rb8 12. g3 Ba6 13. c4 g6 14. Kf1 Nd4 15. Bxd4 cxd4 16. cxd5 Qxd5 17. Ne4 Kf8 18. Kg2 Kg7 19. Rac1 c5 20. Rhd1 Bb5 21. Qd2 a5 22. Qxa5 Bc6 23. Qd2 Rb5 24. Rc2 Ra8 25. Qf4 Rba5 26. Rdd2 Rb5 27. Kh2 Rf8 28. Nfg5 Bd8 29. Re2 Bc7 30. Nf3 Bd8 31. Nfd2 Be7 32. Nc4 Ra8 33. f3 Rf8 34. Ncd6 Bxd6 35. Nxd6 Ra5 36. Ne4 Ba8 37. Rc4 Rc8 38. Rec2 Rc7 39. Nd6 1-0

[Event "North American-ch U20"]
[Site "Charlotte"]
[Date "2019.06.27"]
[Round "3"]
[White "Patel, Advait"]
[Black "Su, Kenneth"]
[Result "1-0"]
[WhiteElo "2462"]
[BlackElo "1888"]
[PlyCount "75"]
[EventDate "2019.06.26"]
[EventType "swiss"]
[EventRounds "9"]
[EventCountry "USA"]
[SourceTitle "CBM 191 Extra"]
[Source "ChessBase"]
[SourceDate "2019.09.30"]
[SourceVersion "1"]
[SourceVersionDate "2019.09.30"]
[SourceQuality "1"]

1. Nf3 g6 2. c4 Bg7 3. Nc3 d6 4. d4 Nf6 5. g3 0-0 6. Bg2 Nbd7 7. 0-0 c6 8. e4 e5 9. b3 Re8 10. Bb2 Qc7 11. Re1 a6 12. Rc1 b6 13. Qd2 Bb7 14. d5 c5 15. Re2 Ng4 16. Rf1 Rf8 17. Ne1 f5 18. f4 Rae8 19. Nd3 Bc8 20. Rfe1 Qd8 21. Kh1 h5 22. exf5 gxf5 23. h3 Nh6 24. fxe5 dxe5 25. Bf3 h4 26. Bh5 hxg3 27. Bxe8 Rxe8 28. Nd1 Qh4 29. Nxe5 Qxh3+ 30. Kg1 Nxe5 31. Bxe5 Ng4 32. Bxg7 Rxe2 33. Rxe2 Nf2 34. Qh6 Qh2+ 35. Qxh2 gxh2+ 36. Kxh2 Ng4+ 37. Kg1 Kxg7 38. Re8 1-0

[Event "Charlotte CCCSA Spring GM"]
[Site "Charlotte"]
[Date "2019.03.23"]
[Round "7"]
[White "Korley, Kassa"]
[Black "Patel, Advait"]
[Result "1/2-1/2"]
[WhiteElo "2437"]
[BlackElo "2470"]
[PlyCount "70"]
[EventDate "2019.03.20"]
[EventType "tourn"]
[EventRounds "9"]
[EventCountry "USA"]
[EventCategory "8"]
[SourceTitle "CBM 189 Extra"]
[Source "ChessBase"]
[SourceDate "2019.06.03"]
[SourceVersion "1"]
[SourceVersionDate "2019.06.03"]
[SourceQuality "1"]

1. d4 Nf6 2. c4 g6 3. Nc3 Bg7 4. e4 d6 5. f3 0-0 6. Nge2 c5 7. Be3 Nc6 8. Qd2 Nd7 9. 0-0-0 a6 10. dxc5 Nxc5 11. Nd4 Bd7 12. Nxc6 Bxc6 13. Bd4 Bxd4 14. Qxd4 b5 15. h4 Qa5 16. Kb1 Rfb8 17. Nd5 Rb7 18. h5 Ne6 19. Qd2 Qxd2 20. Rxd2 b4 21. hxg6 fxg6 22. g3 Rf8 23. Bg2 g5 24. e5 dxe5 25. Re1 Ng7 26. f4 gxf4 27. gxf4 e6 28. Nf6+ Rxf6 29. Bxc6 Rc7 30. fxe5 Rf8 31. Ba4 Rxc4 32. Bb3 Rc5 33. Rd7 Rf7 34. Rd8+ Rf8 35. Rd7 Rf7 1/2-1/2

[Event "Charlotte CCCSA Spring GM"]
[Site "Charlotte"]
[Date "2019.03.21"]
[Round "3"]
[White "Patel, Advait"]
[Black "Rohan, Ahuja"]
[Result "1-0"]
[WhiteElo "2470"]
[BlackElo "2380"]
[PlyCount "73"]
[EventDate "2019.03.20"]
[EventType "tourn"]
[EventRounds "9"]
[EventCountry "USA"]
[EventCategory "8"]
[SourceTitle "CBM 189 Extra"]
[Source "ChessBase"]
[SourceDate "2019.06.03"]
[SourceVersion "1"]
[SourceVersionDate "2019.06.03"]
[SourceQuality "1"]

1. e4 e5 2. Nf3 Nc6 3. Bb5 a6 4. Ba4 Nf6 5. 0-0 Be7 6. Re1 b5 7. Bb3 d6 8. c3 0-0 9. h3 Nb8 10. d4 Nbd7 11. Nbd2 Bb7 12. Bc2 Re8 13. Nf1 Bf8 14. Ng3 g6 15. a4 c5 16. d5 c4 17. Bg5 Be7 18. Qd2 Nc5 19. Bh6 Nfd7 20. Nh2 bxa4 21. Bxa4 Nxa4 22. Rxa4 a5 23. Ng4 Ba6 24. f4 Nc5 25. Raa1 Bc8 26. f5 Nb3 27. Qf2 Nxa1 28. Nh5 f6 29. Ngxf6+ Bxf6 30. fxg6 Rf8 31. Bxf8 Qxf8 32. Nxf6+ Kh8 33. Qh4 Qe7 34. g7+ Qxg7 35. Nh5 Qa7+ 36. Kh2 Bxh3 37. Rxa1 1-0

[Event "Charlotte CCCSA Spring GM"]
[Site "Charlotte"]
[Date "2019.03.20"]
[Round "1"]
[White "Patel, Advait"]
[Black "Ostrovskiy, Aleksandr A"]
[Result "1-0"]
[WhiteElo "2470"]
[BlackElo "2453"]
[PlyCount "77"]
[EventDate "2019.03.20"]
[EventType "tourn"]
[EventRounds "9"]
[EventCountry "USA"]
[EventCategory "8"]
[SourceTitle "CBM 189 Extra"]
[Source "ChessBase"]
[SourceDate "2019.06.03"]
[SourceVersion "1"]
[SourceVersionDate "2019.06.03"]
[SourceQuality "1"]

1. e4 c6 2. d4 d5 3. e5 c5 4. dxc5 e6 5. a3 Nc6 6. Nf3 Bxc5 7. b4 Bb6 8. Bb2 Nge7 9. Bd3 Ng6 10. 0-0 0-0 11. Re1 f6 12. exf6 gxf6 13. c4 Nf4 14. cxd5 Qxd5 15. Be4 Qxd1 16. Rxd1 e5 17. Nc3 Nd4 18. Na4 f5 19. Nxd4 fxe4 20. Nxb6 axb6 21. Nb5 Bg4 22. Rd6 Nd3 23. Bc3 Nxf2 24. Re1 Rac8 25. Rxb6 Bd7 26. Bd2 Rc2 27. Bh6 Nd3 28. Bxf8 Nxe1 29. Bh6 Bc6 30. Na7 Nxg2 31. Nxc6 bxc6 32. Rb7 Nf4 33. Rg7+ Kh8 34. Rf7 Rg2+ 35. Kf1 Rg6 36. Rf8+ Rg8 37. Rxg8+ Kxg8 38. Bxf4 exf4 39. a4 1-0

[Event "North American op 28th"]
[Site "Las Vegas"]
[Date "2018.12.29"]
[Round "7"]
[White "Patel, Advait"]
[Black "Bai, Jinshi"]
[Result "1/2-1/2"]
[WhiteElo "2455"]
[BlackElo "2568"]
[PlyCount "40"]
[EventDate "2018.12.26"]
[EventType "swiss"]
[EventRounds "9"]
[EventCountry "USA"]
[SourceTitle "CBM 188 Extra"]
[Source "ChessBase"]
[SourceDate "2019.02.26"]
[SourceVersion "1"]
[SourceVersionDate "2019.02.26"]
[SourceQuality "1"]

1. e4 e5 2. Nf3 Nf6 3. Nxe5 d6 4. Nf3 Nxe4 5. d4 d5 6. Bd3 Be7 7. 0-0 0-0 8. c4 Nc6 9. Nc3 Nxc3 10. bxc3 dxc4 11. Bxc4 Bf5 12. Re1 Bd6 13. h3 h6 14. Bd3 Qf6 15. Rb1 b6 16. Qc2 Bxh3 17. gxh3 Qxf3 18. Be4 Qxh3 19. Bxc6 Bh2+ 20. Kh1 Bf4+ 1/2-1/2

[Event "Saint Louis GM"]
[Site "Saint Louis"]
[Date "2018.11.19"]
[Round "6"]
[White "Kiewra, Keaton F"]
[Black "Patel, Advait"]
[Result "1/2-1/2"]
[WhiteElo "2364"]
[BlackElo "2467"]
[PlyCount "50"]
[EventDate "2018.11.16"]
[EventType "tourn"]
[EventRounds "9"]
[EventCountry "USA"]
[EventCategory "8"]
[SourceTitle "CBM 187 Extra"]
[Source "ChessBase"]
[SourceDate "2018.11.04"]
[SourceVersion "1"]
[SourceVersionDate "2018.11.04"]
[SourceQuality "1"]

1. d4 Nf6 2. c4 g6 3. Nc3 Bg7 4. e4 d6 5. Nf3 0-0 6. Be2 e5 7. 0-0 Nc6 8. d5 Ne7 9. b4 Ne8 10. c5 f5 11. Ng5 h6 12. Ne6 Bxe6 13. dxe6 fxe4 14. cxd6 Nxd6 15. Be3 Kh7 16. Qc2 Qc8 17. Nb5 Nxb5 18. Bxb5 Qxe6 19. Qxc7 Nd5 20. Qxb7 Rab8 21. Qc6 Qxc6 22. Bxc6 Nxe3 23. fxe3 Rxb4 24. Rfb1 Rfb8 25. Bxe4 Rxb1+ 1/2-1/2

[Event "Saint Louis GM"]
[Site "Saint Louis"]
[Date "2018.11.17"]
[Round "2"]
[White "Ali Marandi, Cemil Can"]
[Black "Patel, Advait"]
[Result "1/2-1/2"]
[WhiteElo "2552"]
[BlackElo "2467"]
[PlyCount "90"]
[EventDate "2018.11.16"]
[EventType "tourn"]
[EventRounds "9"]
[EventCountry "USA"]
[EventCategory "8"]
[SourceTitle "CBM 187 Extra"]
[Source "ChessBase"]
[SourceDate "2018.11.04"]
[SourceVersion "1"]
[SourceVersionDate "2018.11.04"]
[SourceQuality "1"]

1. d4 Nf6 2. c4 g6 3. Nc3 Bg7 4. e4 d6 5. Be2 0-0 6. Be3 e5 7. d5 Na6 8. g4 Nc5 9. f3 h5 10. g5 Nh7 11. h4 f6 12. gxf6 Rxf6 13. Qd2 Rf4 14. 0-0-0 Rxh4 15. Rxh4 Qxh4 16. Bxc5 dxc5 17. d6 cxd6 18. Qd5+ Kh8 19. Qxd6 Qg5+ 20. Kc2 Bf8 21. Qc7 Qe7 22. Qa5 Nf6 23. Nd5 Nxd5 24. cxd5 Qd6 25. Bf1 Bh6 26. Qc3 Kh7 27. Qb3 a6 28. a4 Rb8 29. Bh3 Bxh3 30. Nxh3 Qd7 31. Nf2 c4 32. Qb6 Qxa4+ 33. Kb1 Qd7 34. Rg1 Rg8 35. Nd1 Rg7 36. Nc3 Qh3 37. Qf6 Bf4 38. d6 Qxf3 39. Ka1 Qf2 40. Rxg6 Rxg6 41. Qf7+ Rg7 42. Qf5+ Kh6 43. Qf6+ Kh7 44. Qf5+ Kh6 45. Qf6+ Kh7 1/2-1/2

[Event "Saint Louis SPICE Cup op 12th"]
[Site "Saint Louis"]
[Date "2018.10.24"]
[Round "2"]
[White "Grabinsky, Aaron"]
[Black "Patel, Advait"]
[Result "1/2-1/2"]
[WhiteElo "2375"]
[BlackElo "2461"]
[PlyCount "56"]
[EventDate "2018.10.23"]
[EventType "swiss"]
[EventRounds "9"]
[EventCountry "USA"]
[SourceTitle "CBM 187 Extra"]
[Source "ChessBase"]
[SourceDate "2018.11.04"]
[SourceVersion "1"]
[SourceVersionDate "2018.11.04"]
[SourceQuality "1"]

1. e4 e5 2. Nf3 Nc6 3. Bc4 Nf6 4. d3 Bc5 5. 0-0 d6 6. c3 0-0 7. a4 a5 8. h3 h6 9. Na3 Ne7 10. Nc2 Ng6 11. Re1 c6 12. Ba2 Bb6 13. d4 exd4 14. Ncxd4 Re8 15. Bb1 d5 16. exd5 Rxe1+ 17. Qxe1 Nxd5 18. Be4 Bc7 19. Bd2 Ndf4 20. Rd1 Qf6 21. Be3 Ne5 22. Kh1 Nfg6 23. Bc1 Nxf3 24. Nxf3 Bf5 25. Bxf5 Qxf5 26. Nd4 Qf6 27. Nf3 Rd8 28. Rxd8+ Qxd8 1/2-1/2

[Event "Southwest op 84th"]
[Site "Irving"]
[Date "2018.09.01"]
[Round "4"]
[White "Matsenko, Sergei"]
[Black "Patel, Advait"]
[Result "1/2-1/2"]
[WhiteElo "2533"]
[BlackElo "2475"]
[PlyCount "63"]
[EventDate "2018.08.30"]
[EventType "swiss"]
[EventRounds "9"]
[EventCountry "USA"]
[SourceTitle "CBM 186 Extra"]
[Source "ChessBase"]
[SourceDate "2018.08.24"]
[SourceVersion "1"]
[SourceVersionDate "2018.08.24"]
[SourceQuality "1"]

1. e4 e5 2. Nf3 Nc6 3. Bb5 a6 4. Ba4 Nf6 5. 0-0 Be7 6. Re1 b5 7. Bb3 d6 8. c3 0-0 9. h3 Nb8 10. d4 Nbd7 11. a4 Bb7 12. Nbd2 c5 13. d5 c4 14. Bc2 Qc7 15. Nf1 Rfb8 16. Ng3 g6 17. Bg5 Nc5 18. Qd2 Bc8 19. axb5 axb5 20. Nh2 Qd8 21. f4 Nfd7 22. Nf3 Bxg5 23. Nxg5 exf4 24. Qxf4 f6 25. Nf3 Ne5 26. Rf1 Nxf3+ 27. Qxf3 Kg7 28. Ne2 Bd7 29. Nd4 Rxa1 30. Rxa1 Ra8 31. Rxa8 Qxa8 32. Qg3 1/2-1/2

[Event "Southwest op 84th"]
[Site "Irving"]
[Date "2018.08.31"]
[Round "3"]
[White "Patel, Advait"]
[Black "Kovalyov, Anton"]
[Result "1/2-1/2"]
[WhiteElo "2475"]
[BlackElo "2644"]
[PlyCount "40"]
[EventDate "2018.08.30"]
[EventType "swiss"]
[EventRounds "9"]
[EventCountry "USA"]
[SourceTitle "CBM 186 Extra"]
[Source "ChessBase"]
[SourceDate "2018.08.24"]
[SourceVersion "1"]
[SourceVersionDate "2018.08.24"]
[SourceQuality "1"]

1. e4 c5 2. Nf3 d6 3. d4 cxd4 4. Nxd4 Nf6 5. Nc3 a6 6. Be2 e5 7. Nf3 Be7 8. Bg5 Be6 9. Bxf6 Bxf6 10. 0-0 Be7 11. Nd5 Nd7 12. Bc4 Rc8 13. Qe2 Nb6 14. Nxb6 Qxb6 15. Bb3 0-0 16. Rad1 a5 17. Rd3 a4 18. Bxe6 fxe6 19. c3 Qb5 20. a3 Rc6 1/2-1/2

[Event "Southwest op 84th"]
[Site "Irving"]
[Date "2018.08.31"]
[Round "2"]
[White "Vorontsov, Pavlo"]
[Black "Patel, Advait"]
[Result "1/2-1/2"]
[WhiteElo "2578"]
[BlackElo "2475"]
[PlyCount "117"]
[EventDate "2018.08.30"]
[EventType "swiss"]
[EventRounds "9"]
[EventCountry "USA"]
[SourceTitle "CBM 186 Extra"]
[Source "ChessBase"]
[SourceDate "2018.08.24"]
[SourceVersion "1"]
[SourceVersionDate "2018.08.24"]
[SourceQuality "1"]

1. d4 Nf6 2. Nf3 g6 3. Bg5 Bg7 4. Nbd2 0-0 5. e3 d6 6. Bc4 c5 7. dxc5 d5 8. Be2 Qa5 9. 0-0 Qxc5 10. Nb3 Qb6 11. a4 Nc6 12. a5 Qc7 13. Nfd4 Ne4 14. Bh4 Ne5 15. Nb5 Qd8 16. f3 Nf6 17. Nc3 Nc4 18. Bxc4 dxc4 19. Qxd8 Rxd8 20. Nc5 Bh6 21. f4 Rb8 22. Rfd1 Re8 23. Nb5 Bg4 24. Rd4 Rec8 25. Ne4 Nxe4 26. Rxe4 Bf5 27. Rxe7 Bf8 28. Nd6 Bxe7 29. Bxe7 Bxc2 30. Nxc8 Rxc8 31. Bf6 Rc6 32. Bd4 a6 33. Kf2 f5 34. h3 Kf7 35. g4 Rd6 36. g5 Rd5 37. h4 Be4 38. Rc1 Rxa5 39. Rxc4 Bc6 40. Rc1 Rb5 41. Kg3 Ra5 42. Bc3 Rd5 43. Ra1 Rd3 44. Kf2 Rd5 45. Bd4 Rb5 46. Ke2 Rb3 47. Kd2 Be4 48. Bc3 Rb5 49. Rg1 Rd5+ 50. Bd4 Ra5 51. Rc1 Bc6 52. Kc3 Rb5 53. Rc2 Ra5 54. Rh2 Bf3 55. Rh3 Be2 56. Kd2 Bg4 57. Rh1 Bf3 58. Rh3 Bg4 59. Rh1 1/2-1/2

[Event "USA-ch U20"]
[Site "Saint Louis"]
[Date "2018.07.13"]
[Round "2"]
[White "Brattain, Mika A"]
[Black "Patel, Advait"]
[Result "0-1"]
[WhiteElo "2399"]
[BlackElo "2461"]
[PlyCount "140"]
[EventDate "2018.07.12"]
[EventType "tourn"]
[EventRounds "9"]
[EventCountry "USA"]
[EventCategory "9"]
[SourceTitle "CBM 185 Extra"]
[Source "ChessBase"]
[SourceDate "2018.07.29"]
[SourceVersion "1"]
[SourceVersionDate "2018.07.29"]
[SourceQuality "1"]

1. d4 Nf6 2. c4 g6 3. Nc3 Bg7 4. e4 d6 5. Be2 0-0 6. Nf3 e5 7. 0-0 Nc6 8. d5 Ne7 9. Ne1 Nd7 10. Be3 f5 11. f3 f4 12. Bf2 g5 13. a4 a5 14. Nd3 b6 15. Be1 Nf6 16. Nf2 h5 17. h3 Rf7 18. b4 Bf8 19. bxa5 bxa5 20. Nb5 Rg7 21. Kh2 Ng6 22. Rh1 Nh8 23. Kg1 Nf7 24. Bc3 g4 25. hxg4 hxg4 26. Kf1 Bd7 27. Ke1 c6 28. dxc6 Bxc6 29. Kd2 Qb6 30. Qe1 Ng5 31. Kc2 gxf3 32. gxf3 Qe3 33. Ra3 Bxb5 34. cxb5 d5 35. Rb3 Rc8 36. Kb2 dxe4 37. Bxe5 Qc5 38. Bc3 exf3 39. Bd3 Re7 40. Qd2 Bg7 41. Kb1 Nd5 42. Bxg7 Rxg7 43. Rc1 Qxc1+ 44. Qxc1 Rxc1+ 45. Kxc1 Rc7+ 46. Kd2 Nb6 47. Rc3 Rxc3 48. Kxc3 Ne6 49. Bc2 Kf7 50. Bd1 Ke7 51. Ne4 Nd5+ 52. Kd2 Nb6 53. Kc3 Kd7 54. Kd3 Kc7 55. Kd2 Nc4+ 56. Kc3 Ne5 57. Kd2 Nd4 58. Kc3 Ne2+ 59. Kd2 Ng3 60. Nf2 Kb6 61. Kc3 Kc5 62. Kd2 Kd4 63. Bb3 Kc5 64. Bd1 Nf1+ 65. Kc3 Ne3 66. Bxf3 Nxf3 67. Nd3+ Kd6 68. b6 Nd5+ 69. Kc4 Ne5+ 70. Nxe5 Kxe5 0-1

[Event "Charlotte CCCSA GM-B"]
[Site "Charlotte"]
[Date "2018.06.10"]
[Round "8"]
[White "Brattain, Mika A"]
[Black "Patel, Advait"]
[Result "1-0"]
[WhiteElo "2402"]
[BlackElo "2474"]
[PlyCount "105"]
[EventDate "2018.06.06"]
[EventType "tourn"]
[EventRounds "9"]
[EventCountry "USA"]
[EventCategory "8"]
[SourceTitle "CBM 184 Extra"]
[Source "ChessBase"]
[SourceDate "2018.06.28"]
[SourceVersion "1"]
[SourceVersionDate "2018.06.28"]
[SourceQuality "1"]

1. d4 Nf6 2. c4 e6 3. Nc3 Bb4 4. e3 b6 5. Nge2 c5 6. a3 Ba5 7. Rb1 Na6 8. g3 Bb7 9. d5 b5 10. b3 Ne4 11. Bd2 exd5 12. Bg2 b4 13. axb4 Nxb4 14. 0-0 Nxd2 15. Qxd2 Rb8 16. cxd5 d6 17. e4 0-0 18. Rfc1 Re8 19. Nf4 Bc8 20. Bh3 Bxh3 21. Nxh3 Na6 22. Qd3 Nc7 23. Ne2 Qe7 24. Rc4 Nb5 25. Rf1 f5 26. f3 Nd4 27. Nxd4 fxe4 28. fxe4 cxd4 29. Nf2 Bc3 30. Rb1 Rf8 31. Nd1 Bb4 32. Rc2 Rbe8 33. Nf2 Qf6 34. Kg2 Qe5 35. Rd1 Bc3 36. Rf1 Rf7 37. Re2 Qh5 38. Nd1 Rxf1 39. Kxf1 Rf8+ 40. Kg2 Qe5 41. Nf2 Qf6 42. Ra2 a5 43. Nh3 Rb8 44. Rf2 Qe7 45. Nf4 Rxb3 46. Ne6 Rb2 47. Rxb2 Bxb2 48. Qa6 h5 49. Qc8+ Kh7 50. Nf8+ Kh6 51. Qf5 Qf6 52. Qh7+ Kg5 53. Ne6+ 1-0

[Event "Charlotte CCCSA GM-B"]
[Site "Charlotte"]
[Date "2018.06.09"]
[Round "6"]
[White "Korley, Kassa"]
[Black "Patel, Advait"]
[Result "1-0"]
[WhiteElo "2420"]
[BlackElo "2474"]
[PlyCount "91"]
[EventDate "2018.06.06"]
[EventType "tourn"]
[EventRounds "9"]
[EventCountry "USA"]
[EventCategory "8"]
[SourceTitle "CBM 184 Extra"]
[Source "ChessBase"]
[SourceDate "2018.06.28"]
[SourceVersion "1"]
[SourceVersionDate "2018.06.28"]
[SourceQuality "1"]

1. Nf3 Nf6 2. c4 g6 3. Nc3 Bg7 4. e4 c5 5. d4 cxd4 6. Nxd4 Nc6 7. Be3 0-0 8. Be2 d6 9. 0-0 Bd7 10. Qd2 Nxd4 11. Bxd4 Bc6 12. f3 a5 13. b3 Nd7 14. Bxg7 Kxg7 15. Kh1 Nc5 16. Rab1 Qb6 17. Rfd1 Kg8 18. a3 a4 19. b4 Nb3 20. Qe1 Qc7 21. Rd3 e5 22. Rbd1 Nd4 23. Bf1 f5 24. exf5 Nxf5 25. b5 Bd7 26. Ne4 Nd4 27. Qb4 Bf5 28. b6 Qd8 29. Rxd4 exd4 30. Nxd6 Qf6 31. c5 Bd7 32. Bc4+ Kh8 33. Bd5 Bc6 34. Bxc6 bxc6 35. b7 Rab8 36. Qxa4 Rfd8 37. Qxc6 d3 38. Qd5 Rd7 39. Qb3 d2 40. Qe3 Rc7 41. Qxd2 Qe5 42. c6 Kg8 43. Qa2+ Kg7 44. Qc4 Rd8 45. Qb4 Rb8 46. Qb6 1-0

[Event "Chicago op 27th"]
[Site "Chicago"]
[Date "2018.05.27"]
[Round "6"]
[White "Patel, Advait"]
[Black "Shabalov, Alexander"]
[Result "1/2-1/2"]
[WhiteElo "2475"]
[BlackElo "2564"]
[PlyCount "70"]
[EventDate "2018.05.24"]
[EventType "swiss"]
[EventRounds "9"]
[EventCountry "USA"]
[SourceTitle "CBM 184 Extra"]
[Source "ChessBase"]
[SourceDate "2018.06.28"]
[SourceVersion "1"]
[SourceVersionDate "2018.06.28"]
[SourceQuality "1"]

1. e4 c5 2. Nf3 d6 3. d4 cxd4 4. Nxd4 Nf6 5. Nc3 Nc6 6. Bg5 e6 7. Qd2 h6 8. Bxf6 gxf6 9. 0-0-0 a6 10. f4 Bd7 11. g3 h5 12. Kb1 Qb6 13. Nb3 0-0-0 14. Bh3 Kb8 15. Rhf1 Bc8 16. Qe2 h4 17. Bg4 hxg3 18. hxg3 Rg8 19. Rh1 Bg7 20. Bh5 Qc7 21. f5 Ne5 22. Nd4 Bf8 23. Qf2 Qb6 24. Ka1 Nc4 25. Rb1 Bh6 26. Bxf7 Be3 27. Qe2 Qxd4 28. Rhd1 Qc5 29. fxe6 Nxb2 30. Rxb2 Bd4 31. Rxd4 Qxd4 32. Qd3 Qe5 33. e7 Qxe7 34. Bxg8 Rxg8 35. Rb6 d5 1/2-1/2

[Event "Chicago op 27th"]
[Site "Chicago"]
[Date "2018.05.26"]
[Round "5"]
[White "Patel, Advait"]
[Black "Durarbayli, Vasif"]
[Result "1/2-1/2"]
[WhiteElo "2475"]
[BlackElo "2618"]
[PlyCount "81"]
[EventDate "2018.05.24"]
[EventType "swiss"]
[EventRounds "9"]
[EventCountry "USA"]
[SourceTitle "CBM 184 Extra"]
[Source "ChessBase"]
[SourceDate "2018.06.28"]
[SourceVersion "1"]
[SourceVersionDate "2018.06.28"]
[SourceQuality "1"]

1. e4 e5 2. Nf3 Nc6 3. Bb5 a6 4. Ba4 Nf6 5. 0-0 b5 6. Bb3 Bc5 7. a4 Rb8 8. Nxe5 Nxe5 9. d4 Bxd4 10. Qxd4 d6 11. Bf4 0-0 12. Nc3 c5 13. Qd2 c4 14. Ba2 b4 15. Nd5 Nxd5 16. exd5 Qc7 17. Qd4 b3 18. cxb3 cxb3 19. Rac1 Qb6 20. Qxb6 Rxb6 21. Bb1 Rb4 22. Bxe5 dxe5 23. Rfe1 Rxa4 24. Rxe5 g6 25. Re3 Ra1 26. Rec3 Bd7 27. Bd3 Rxc1+ 28. Rxc1 a5 29. Rc7 Rd8 30. Kf1 Kg7 31. Ke2 Kf6 32. Ra7 a4 33. f4 Bg4+ 34. Ke3 Rxd5 35. Bc4 Rd7 36. Rxa4 Bf5 37. Ra5 Bc2 38. Rd5 Re7+ 39. Re5 Rd7 40. Rd5 Re7+ 41. Re5 1/2-1/2

[Event "PRO League Stage"]
[Site "Chess.com INT"]
[Date "2018.02.24"]
[Round "7"]
[White "Skuhala, Luka"]
[Black "Patel, Advait"]
[Result "0-1"]
[WhiteElo "2059"]
[BlackElo "2478"]
[PlyCount "60"]
[EventDate "2018.01.18"]
[EventType "team-swiss (rapid)"]
[EventRounds "9"]
[EventCountry "USA"]
[SourceTitle "EXT 2019"]
[Source "ChessBase"]
[SourceDate "2018.10.10"]
[SourceVersion "1"]
[SourceVersionDate "2018.10.10"]
[SourceQuality "1"]
[WhiteTeam "Ljubljana Turtles"]
[BlackTeam "Montclair Sopranos"]
[WhiteTeamCountry "SLO"]
[BlackTeamCountry "USA"]

1. e4 e5 2. Nf3 Nc6 3. Bc4 Nf6 4. d3 Bc5 5. 0-0 d6 6. c3 0-0 7. Re1 a6 8. Bb3 Be6 9. Bc2 d5 10. exd5 Nxd5 11. Nbd2 Bg4 12. Ne4 Ba7 13. h3 Bh5 14. Ng3 Bg6 15. Bg5 f6 16. Bd2 Qd7 17. Nh4 Bf7 18. Nhf5 Kh8 19. Qf3 Rad8 20. a3 Be6 21. Rad1 g6 22. Ne3 f5 23. Nxd5 Bxd5 24. Qe2 f4 25. Ne4 f3 26. gxf3 Qxh3 27. Be3 Bxe3 28. Qxe3 Rxf3 29. Qg5 Rf4 30. f3 Qxf3 0-1

[Event "Saint Louis Winter GM"]
[Site "Saint Louis"]
[Date "2018.02.11"]
[Round "7"]
[White "Abrahamyan, Tatev"]
[Black "Patel, Advait"]
[Result "0-1"]
[WhiteElo "2332"]
[BlackElo "2478"]
[PlyCount "122"]
[EventDate "2018.02.08"]
[EventType "tourn"]
[EventRounds "9"]
[EventCountry "USA"]
[EventCategory "9"]
[SourceTitle "CBM 182 Extra"]
[Source "ChessBase"]
[SourceDate "2018.02.23"]
[SourceVersion "1"]
[SourceVersionDate "2018.02.23"]
[SourceQuality "1"]

1. e4 e5 2. Nf3 Nc6 3. Bc4 Bc5 4. 0-0 Nf6 5. d3 d6 6. c3 0-0 7. Nbd2 a6 8. Bb3 h6 9. Re1 Be6 10. Bc2 Re8 11. h3 d5 12. Qe2 Bf8 13. Nf1 g6 14. N3h2 d4 15. Qf3 Bg7 16. g4 Nh7 17. Qg2 b5 18. Ng3 Kh8 19. Kh1 a5 20. Nf3 a4 21. a3 Na5 22. cxd4 exd4 23. Bf4 c5 24. Rad1 Nc6 25. Ne2 b4 26. Rc1 c4 27. dxc4 bxa3 28. bxa3 Bxc4 29. Bb1 Bb5 30. Rcd1 Qb6 31. Nc1 Bc4 32. Bd3 Qb5 33. e5 Nf8 34. Bxc4 Qxc4 35. Nd3 Ne6 36. Bc1 Rab8 37. Nf4 Ng5 38. Nd2 Qc2 39. h4 Bxe5 40. Nxg6+ fxg6 41. hxg5 hxg5 42. Nf3 Rb1 43. Nxg5 Kg7 44. Qf3 Qc4 45. Bf4 Bxf4 46. Rxb1 Rxe1+ 47. Rxe1 Bxg5 48. Re8 Bf6 49. Qh3 Qd5+ 50. Kg1 Kf7 51. Rc8 Ne7 52. Rc1 Qe4 53. Rd1 Nd5 54. Rc1 Nc3 55. Kf1 Qe2+ 56. Kg2 Qd2 57. Rh1 Nd5 58. Qf3 Nf4+ 59. Kg3 Be5 60. Rh7+ Kg8 61. Rd7 Nd3+ 0-1

[Event "Saint Louis Winter GM"]
[Site "Saint Louis"]
[Date "2018.02.10"]
[Round "4"]
[White "Patel, Advait"]
[Black "Gurevich, Daniel"]
[Result "1-0"]
[WhiteElo "2478"]
[BlackElo "2483"]
[PlyCount "39"]
[EventDate "2018.02.08"]
[EventType "tourn"]
[EventRounds "9"]
[EventCountry "USA"]
[EventCategory "9"]
[SourceTitle "CBM 182 Extra"]
[Source "ChessBase"]
[SourceDate "2018.02.23"]
[SourceVersion "1"]
[SourceVersionDate "2018.02.23"]
[SourceQuality "1"]

1. e4 c6 2. d4 d5 3. e5 Bf5 4. Nf3 e6 5. Be2 Ne7 6. 0-0 c5 7. Be3 Nd7 8. c4 dxc4 9. Na3 Nd5 10. Bg5 Qb8 11. Bxc4 h6 12. Bh4 N5b6 13. Re1 Bg4 14. h3 Bxf3 15. Qxf3 Nxc4 16. Nxc4 cxd4 17. Rad1 Bc5 18. Rxd4 Qc7 19. Red1 Nxe5 20. Qxb7 1-0